Breve historia contemporánea de Costa Rica / (Record no. 62583)

MARC details
000 -LEADER
fixed length control field 00554cam a2200181 a 4500
008 - FIXED-LENGTH DATA ELEMENTS--GENERAL INFORMATION
fixed length control field 021111s1997 mx 000 0 spa u
020 ## - INTERNATIONAL STANDARD BOOK NUMBER
International Standard Book Number 9681649893
050 00 - LIBRARY OF CONGRESS CALL NUMBER
Classification number F1543
Item number P47 1997
100 1# - MAIN ENTRY--PERSONAL NAME
Personal name Pérez Brignoli, Héctor
245 10 - TITLE STATEMENT
Title Breve historia contemporánea de Costa Rica /
Statement of responsibility, etc Héctor Pérez Brignoli.
260 ## - PUBLICATION, DISTRIBUTION, ETC. (IMPRINT)
Place of publication, distribution, etc México :
Name of publisher, distributor, etc Fondo de Cultura Económica,
Date of publication, distribution, etc 1997.
300 ## - PHYSICAL DESCRIPTION
Extent 240 p. ;
Dimensions 17 cm.
440 #0 - SERIES STATEMENT/ADDED ENTRY--TITLE
Title Popular ;
Volume number/sequential designation 534
504 ## - BIBLIOGRAPHY, ETC. NOTE
Bibliography, etc Bibliografía: p. 221-237
651 #4 - SUBJECT ADDED ENTRY--GEOGRAPHIC NAME
Geographic name Costa Rica
General subdivision Historia
942 ## - ADDED ENTRY ELEMENTS (KOHA)
Source of classification or shelving scheme Biblioteca del Cogreso de los Estados Unidos
Koha item type Libro
Holdings
Estado de pérdida Fuente de clasificación Estado del daño No para préstamo Ubicación permanente Ubicación actual Apartado o colección Fecha de adquisición Área del conocimiento Clasificación Código de Barras Date last seen Número de copia Tipo de recurso Edición Dependencia de educación superior (DES)
  Biblioteca del Cogreso de los Estados Unidos     Biblioteca del Instituto de Investigaciones Históricas Biblioteca del Instituto de Investigaciones Históricas General 06/07/2018 Ciencias Sociales y Administrativas F1543 P47 1997 IIH000022899 06/07/2018 C: 1 Libro    
  Biblioteca del Cogreso de los Estados Unidos     Biblioteca del Instituto de Investigaciones Históricas Biblioteca del Instituto de Investigaciones Históricas General 06/07/2018 Ciencias Sociales y Administrativas F1543 P47 1997 IIH000023201 06/07/2018 C: 2 Libro 1a ed. Humanidades